000 00483nam a22001817a 4500
005 20251108171158.0
008 250721s1985 xx 000 0 ara d
082 1 4 _aط/640/زرا
245 1 0 _aالزراعة المنزلية /
250 _aط2
264 1 _aليماسول :
_bميدليفانت،
_c1985.
300 _a32ص
490 0 _aاعمل بنفسك
650 1 7 _aالزراعة
650 1 7 _aالحدائق المنزلية
942 _2ddc
_cBK
999 _c58612
_d58612